WARRIORS (WARRIOR'S REFUGE)-2 (Record no. 12372)

MARC details
000 -LEADER
fixed length control field 00262nam a22000977a 4500
008 - FIXED-LENGTH DATA ELEMENTS--GENERAL INFORMATION
fixed length control field 230714b |||||||| |||| 00| 0 eng d
020 ## - INTERNATIONAL STANDARD BOOK NUMBER
International Standard Book Number 9780061252310
100 ## - MAIN ENTRY--PERSONAL NAME
Personal name HUNTER ERIN
9 (RLIN) 7697
245 ## - TITLE STATEMENT
Title WARRIORS (WARRIOR'S REFUGE)-2
260 ## - PUBLICATION, DISTRIBUTION, ETC. (IMPRINT)
Place of publication, distribution, etc. LOS ANGELES
Name of publisher, distributor, etc. TOKYOPOP
Date of publication, distribution, etc. 2000
Holdings
Withdrawn status Lost status Source of classification or shelving scheme Damaged status Koha normalized classification for sorting Not for loan Home library Current library Shelving location Date acquired Total Checkouts Total Renewals Full call number Barcode Date last seen Date last checked out Price effective from Koha item type
    Dewey Decimal Classification   JOL_741_590000000000000   Good Samaritan School Library Good Samaritan School Library FICTION 07/14/2023 7 1 JOL741.59 JOL17691 11/14/2025 11/04/2025 07/14/2023 BOOK

Powered by Koha